000 00592cam a2200193Ia 4500
020 _a3823611690
040 _cGZM
041 1 _hger
082 _a633 MAR 1991 A090 Co.
100 1 _aRehm, Sigmund
245 1 4 _aThe cultivated plants of the tropics and subtropics :
_bcultivation, economic value, utilization /
250 _aEnglish ed
260 _aWeikersheim, West Germany :
_bMargraf,
_c1991
300 _aviii, 552 p. :
_bill. ;
_c21 cm
500 _aTranslation of Die Kulturpflanzen der Tropen und Subtropen
650 0 _aTropical crops
700 1 _aEspig, Gustav
942 _cEK
999 _c15936
_d15936